[Event "8th Boris Kostic mem"]
[Site "Vrsac"]
[Date "1979.09.07"]
[Round "1"]
[White "Kapelan, Milorad"]
[Black "Marjanovic, Slavoljub"]
[Result "1-0"]
[WhiteElo "2335"]
[BlackElo "2505"]
[EventDate "1979.09.07"]
[PlyCount "121"]
[Source "Perpetual Check"]

1.Nf3 d5 2.c4 e6 3.g3 c5 4.Bg2 Nc6 5.O-O Nf6 6.cxd5 exd5 7.d4 Be7 8.Nc3 
O-O 9.Be3 c4 10.Ne5 Be6 11.Nxc6 bxc6 12.b3 Qa5 13.Na4 Rfd8 14.Qc2 Rac8 15.
Rfd1 h6 16.Nc5 Bxc5 17.dxc5 Nd7 18.Qd2 c3 19.Qd4 c2 20.Rdc1 Bf5 21.g4 Bh7 
22.f4 Rb8 23.Bf3 Re8 24.f5 Rb4 25.Bd2 Rxd4 26.Bxa5 h5 27.Bc3 Rd1+ 28.Rxd1 
cxd1=Q+ 29.Rxd1 hxg4 30.Bxg4 Nxc5 31.Bd4 Nd7 32.h3 Ne5 33.Kf2 Nxg4+ 34.
hxg4 g6 35.f6 g5 36.Rc1 Rc8 37.Bxa7 Ra8 38.Rxc6 Bb1 39.Ra6 d4 40.Ra4 d3 
41.exd3 Bxd3 42.Ke3 Bc2 43.Ra5 Kh7 44.Kd2 Be4 45.Bb6 Kg6 46.Rxa8 Bxa8 47.
Bd4 Bf3 48.b4 Bxg4 49.a4 Kf5 50.Kd3 Ke6 51.Kc4 Bd1 52.a5 g4 53.Kc5 g3 54.
b5 Kd7 55.a6 Be2 56.Kb6 g2 57.Ka5 Kc8 58.b6 Bf3 59.Bg1 Kb8 60.Bh2+ Ka8 61.
Kb4 1-0

[Event "8th Boris Kostic mem"]
[Site "Vrsac"]
[Date "1979.09.07"]
[Round "1"]
[White "Matanovic, Aleksandar"]
[Black "Sahovic, Dragutin"]
[Result "1/2-1/2"]
[WhiteElo "2495"]
[BlackElo "2520"]
[EventDate "1979.09.07"]
[PlyCount "30"]
[Source "Perpetual Check"]

1.e4 d5 2.exd5 Qxd5 3.Nc3 Qa5 4.d4 Nf6 5.Nf3 Bf5 6.Bd2 c6 7.Bc4 e6 8.Bb3 
Qc7 9.Qe2 Nbd7 10.h3 O-O-O 11.O-O-O Bd6 12.Nh4 Bg6 13.Nxg6 hxg6 14.Kb1 Bf4
15.Qf3 Bxd2 1/2-1/2

[Event "8th Boris Kostic mem"]
[Site "Vrsac"]
[Date "1979.09.07"]
[Round "1"]
[White "Szabo, Laszlo"]
[Black "Matulovic, Milan"]
[Result "1/2-1/2"]
[WhiteElo "2515"]
[BlackElo "2510"]
[EventDate "1979.09.07"]
[PlyCount "73"]
[Source "Perpetual Check"]

1.d4 d5 2.c4 dxc4 3.e4 e5 4.Nf3 exd4 5.Bxc4 Bb4+ 6.Bd2 Bxd2+ 7.Nbxd2 Nc6 
8.Nb3 d3 9.O-O Nge7 10.Qxd3 Qxd3 11.Bxd3 Bg4 12.Be2 O-O-O 13.Rfd1 Ng6 14.
Nfd4 Bxe2 15.Nxe2 Rhe8 16.f3 Nge5 17.Nbd4 Nxd4 18.Nxd4 Nc4 19.b3 Ne3 20.
Rd3 f5 21.Rxe3 Rxd4 22.Rae1 fxe4 23.fxe4 Kd7 24.e5 Ke6 25.Rh3 h6 26.a3 
Red8 27.Ree3 R8d7 28.Rhg3 Rf4 29.Re1 Rfd4 30.Ree3 Rf7 31.Re1 Rfd7 32.Ree3 
Rd1+ 33.Kf2 Rf7+ 34.Ke2 Rd5 35.Rg6+ Kf5 36.Rgg3 Ke6 37.Rg6+ 1/2-1/2

[Event "8th Boris Kostic mem"]
[Site "Vrsac"]
[Date "1979.09.07"]
[Round "1"]
[White "Bronstein, David"]
[Black "Rajkovic, Dusan"]
[Result "0-1"]
[WhiteElo "2555"]
[BlackElo "2460"]
[EventDate "1979.09.07"]
[PlyCount "82"]
[Source "Perpetual Check"]

1.e4 c5 2.Nf3 e6 3.d4 cxd4 4.Nxd4 a6 5.Be3 Nc6 6.Nc3 Nge7 7.Nb3 Ng6 8.Na4 
b5 9.Nb6 Rb8 10.Nxc8 Qxc8 11.f4 Qc7 12.g3 Na5 13.Nxa5 Qxa5+ 14.Qd2 Bb4 15.
c3 Be7 16.h4 b4 17.h5 bxc3 18.bxc3 Nf8 19.Bd4 f6 20.Be2 e5 21.Bf2 Ne6 22.
O-O Bc5 23.Rad1 Rb7 24.Bg4 exf4 25.gxf4 O-O 26.Kh2 Bxf2 27.Rxf2 Rc8 28.Qd6
Qc5 29.Bxe6+ dxe6 30.Qxe6+ Kh8 31.Kg2 Re7 32.Qxa6 Rce8 33.Rd5 Qxc3 34.Re2 
h6 35.Qb5 Qc1 36.Rdd2 Qc8 37.Kg3 Rxe4 38.Rxe4 Rxe4 39.Qd7 Qc3+ 40.Kg2 Re3 
41.Qd5 Rg3+ 0-1

[Event "8th Boris Kostic mem"]
[Site "Vrsac"]
[Date "1979.09.07"]
[Round "1"]
[White "Vukic, Milan"]
[Black "Jansa, Vlastimil"]
[Result "0-1"]
[WhiteElo "2485"]
[BlackElo "2495"]
[EventDate "1979.09.07"]
[PlyCount "151"]
[Source "Perpetual Check"]

1.d4 Nf6 2.c4 g6 3.Nf3 Bg7 4.g3 O-O 5.Bg2 d6 6.O-O c5 7.Nc3 Nc6 8.d5 Na5 
9.Nd2 a6 10.Qc2 Rb8 11.b3 b5 12.Bb2 e5 13.Nd1 Nh5 14.e3 Bf5 15.e4 Bd7 16.
Bc3 Bh6 17.Qd3 f5 18.exf5 gxf5 19.Qe2 Nf6 20.f4 exf4 21.gxf4 Bg7 22.Ne3 
Ne8 23.Qd3 Nb7 24.Bh3 b4 25.Bxg7 Nxg7 26.Kh1 Qf6 27.Rg1 Rbe8 28.Rad1 Kh8 
29.Rg5 h6 30.Rg3 Nh5 31.Rf3 Re7 32.Rg1 Rg7 33.Rxg7 Nxg7 34.Ndf1 Nd8 35.Qd2
Re8 36.Ng3 Rf8 37.Rf2 a5 38.Qd3 Nb7 39.Kg2 Nd8 40.Qc2 Nb7 41.Kf3 h5 42.Qb2
Qxb2 43.Rxb2 Kh7 44.Rg2 Nd8 45.Rg1 Rf6 46.Ng2 Nf7 47.a4 Nh6 48.Nh4 Ng4 49.
Re1 Kg8 50.Re2 Kf8 51.Bf1 Nh6 52.Rg2 Ng8 53.Bd3 Ne7 54.Nf1 Kf7 55.Rg5 Rh6 
56.Ne3 Kf6 57.h3 Rh8 58.Kf2 Rf8 59.Neg2 Rh8 60.Rg3 Rh6 61.Re3 Be8 62.Nf3 
Ng6 63.Nfh4 Nxh4 64.Nxh4 Bd7 65.Rg3 Bc8 66.Ke3 Bd7 67.Rg5 Bc8 68.Rxg7 Kxg7
69.Bxf5 Ba6 70.Be6 Rxe6+ 71.dxe6 Kf6 72.Nf5 Kxe6 73.Ng7+ Ke7 74.h4 Bc8 75.
Ke4 Bg4 76.f5 0-1

[Event "8th Boris Kostic mem"]
[Site "Vrsac"]
[Date "1979.09.07"]
[Round "1"]
[White "Kurajica, Bojan"]
[Black "Lein, Anatoly"]
[Result "1-0"]
[WhiteElo "2515"]
[BlackElo "2535"]
[EventDate "1979.09.07"]
[PlyCount "69"]
[Source "Perpetual Check"]

1.e4 c6 2.d3 d5 3.Nd2 Nf6 4.Be2 dxe4 5.dxe4 e5 6.Ngf3 Nbd7 7.c3 Bc5 8.b4 
Bb6 9.O-O O-O 10.Qc2 Bc7 11.a4 Nh5 12.g3 Ndf6 13.Rd1 Ng4 14.Nc4 Qe7 15.h3 
Ngf6 16.Bf1 Be6 17.a5 Nd7 18.Ne3 Rfd8 19.Ng5 Nxg3 20.Nxe6 Nxf1 21.Nxd8 
Nxe3 22.Bxe3 Bxd8 23.Qd3 Nf8 24.a6 b6 25.Qd6 Rc8 26.Qxe7 Bxe7 27.Ra2 f6 
28.Rad2 Kf7 29.f4 exf4 30.Bxf4 Ne6 31.Be3 Ng5 32.Rd7 Nxe4 33.Re1 f5 34.Bd4
Re8 35.Rxa7 1-0

[Event "8th Boris Kostic mem"]
[Site "Vrsac"]
[Date "1979.09.08"]
[Round "2"]
[White "Jansa, Vlastimil"]
[Black "Kurajica, Bojan"]
[Result "1/2-1/2"]
[WhiteElo "2495"]
[BlackElo "2515"]
[EventDate "1979.09.07"]
[PlyCount "32"]
[Source "Perpetual Check"]

1.e4 e5 2.Nf3 Nc6 3.Bb5 Nf6 4.O-O Nxe4 5.d4 Nd6 6.Bxc6 dxc6 7.dxe5 Nf5 8.
Qxd8+ Kxd8 9.b3 b6 10.Bb2 Be6 11.Nc3 Kc8 12.Ne2 Bd5 13.Nfd4 Nxd4 14.Nxd4 
Bc5 15.Rfe1 Bxd4 16.Bxd4 Be6 1/2-1/2

[Event "8th Boris Kostic mem"]
[Site "Vrsac"]
[Date "1979.09.08"]
[Round "2"]
[White "Lein, Anatoly"]
[Black "Bronstein, David"]
[Result "1/2-1/2"]
[WhiteElo "2535"]
[BlackElo "2555"]
[EventDate "1979.09.07"]
[PlyCount "34"]
[Source "Perpetual Check"]

1.c4 e6 2.Nf3 Nf6 3.g3 d5 4.Bg2 Be7 5.O-O O-O 6.b3 c5 7.cxd5 exd5 8.Bb2 
Nc6 9.d4 Bg4 10.dxc5 Bxc5 11.Nc3 a6 12.Rc1 Ba7 13.h3 Bf5 14.Nh4 Be6 15.Kh2
Re8 16.e3 Qd7 17.Ne2 Ne4 1/2-1/2

[Event "8th Boris Kostic mem"]
[Site "Vrsac"]
[Date "1979.09.08"]
[Round "2"]
[White "Rajkovic, Dusan"]
[Black "Kapelan, Milorad"]
[Result "1-0"]
[WhiteElo "2460"]
[BlackElo "2335"]
[EventDate "1979.09.07"]
[PlyCount "69"]
[Source "Perpetual Check"]

1.c4 e6 2.g3 Nf6 3.Bg2 d5 4.Nf3 Be7 5.b3 O-O 6.O-O b6 7.Bb2 Bb7 8.e3 c5 9.
Qe2 Nbd7 10.Nc3 Ne4 11.Rfd1 Bf6 12.cxd5 exd5 13.d4 Qe7 14.Rac1 Rac8 15.
dxc5 Nxc3 16.Bxc3 bxc5 17.Qb5 Ba8 18.Qa5 Bxc3 19.Rxc3 Nf6 20.Rc2 Ne4 21.
Nd2 f5 22.Nxe4 fxe4 23.Bh3 Rc6 24.Rxd5 Rh6 25.Rd7 Qe8 26.Qc3 Rff6 27.Qc4+ 
Kh8 28.Rcd2 Rf8 29.Qxc5 Bc6 30.Qxf8+ Qxf8 31.Rd8 Kg8 32.Rxf8+ Kxf8 33.Bd7 
Bb7 34.Bf5 Rf6 35.Rd8+ 1-0

[Event "8th Boris Kostic mem"]
[Site "Vrsac"]
[Date "1979.09.08"]
[Round "2"]
[White "Sahovic, Dragutin"]
[Black "Vukic, Milan"]
[Result "1-0"]
[WhiteElo "2520"]
[BlackElo "2485"]
[EventDate "1979.09.07"]
[PlyCount "131"]
[Source "Perpetual Check"]

1.d4 Nf6 2.c4 d6 3.Nc3 Nbd7 4.e4 e5 5.Nf3 c6 6.Be2 Be7 7.O-O O-O 8.Re1 a6 
9.d5 Nc5 10.Bf1 a5 11.b3 Bg4 12.h3 Bh5 13.Rb1 Bg6 14.Nd2 Qb8 15.a3 cxd5 
16.cxd5 Rc8 17.Qf3 Bd8 18.Bb5 Qc7 19.Nc4 h6 20.g3 Qe7 21.Bd2 Kh7 22.Qg2 
Nfd7 23.Ne3 Nb6 24.a4 Nbd7 25.Be2 Nf6 26.f3 Bb6 27.Kh2 Ncd7 28.Nc4 Bc5 29.
Nb5 b6 30.Be3 Ne8 31.Bxc5 bxc5 32.Bd3 Ra6 33.f4 exf4 34.gxf4 Kh8 35.Rg1 
Bh7 36.Rbe1 Qh4 37.Qf3 Ndf6 38.Ref1 Rd8 39.Rg2 Qh5 40.Qe3 Rd7 41.f5 Ng8 
42.Qe1 f6 43.Nxa5 Ne7 44.Nc4 Qf7 45.Nc3 Raa7 46.Ne2 Rdb7 47.Bc2 Rb4 48.Nf4
Nc8 49.Ne6 Qe7 50.Rfg1 Nb6 51.Nxb6 Rxb6 52.Qc3 Bg8 53.Bd3 Bxe6 54.fxe6 Rb4
55.Bc4 Qd8 56.Rg6 Qe7 57.Qg3 Qf8 58.Bb5 Rxb5 59.axb5 Rb7 60.Qd3 Qe7 61.Ra1
Nc7 62.b6 Rxb6 63.Ra7 Rb8 64.Rg2 g5 65.Rf2 Kg7 66.e5 1-0

[Event "8th Boris Kostic mem"]
[Site "Vrsac"]
[Date "1979.09.08"]
[Round "2"]
[White "Stean, Michael Francis"]
[Black "Szabo, Laszlo"]
[Result "1-0"]
[WhiteElo "2540"]
[BlackElo "2515"]
[EventDate "1979.09.07"]
[PlyCount "116"]
[Source "Perpetual Check"]

1.c4 Nf6 2.Nc3 e6 3.Nf3 Bb4 4.Qc2 d5 5.a3 Bxc3 6.Qxc3 O-O 7.b4 Ne4 8.Qc2 
a5 9.Bb2 axb4 10.axb4 Rxa1+ 11.Bxa1 Qe7 12.Qb2 f6 13.e3 b6 14.cxd5 exd5 
15.Be2 c6 16.O-O Bb7 17.Rc1 Nd6 18.Nd4 c5 19.bxc5 bxc5 20.Rxc5 Nc4 21.Nf5 
Qd7 22.Bxc4 dxc4 23.Qd4 Ba6 24.Qxd7 Nxd7 25.Rc7 Rb8 26.h3 Rb7 27.Rxb7 Bxb7
28.Nd6 Ba6 29.Bd4 Kf8 30.f3 g6 31.Ne4 f5 32.Ng5 h6 33.Ne6+ Ke7 34.Nc7 Bb7 
35.Kf2 Bc6 36.Na6 Bb7 37.Nb4 Kf7 38.Ke2 Nf8 39.Bc5 Nd7 40.Bd4 Nb8 41.Nc2 
Nc6 42.Bc3 Ne7 43.Na3 Nd5 44.Nb5 Ba6 45.Nd4 Bb7 46.g4 fxg4 47.hxg4 g5 48.
Nf5 Kg6 49.Ng3 Bc6 50.Be5 Bb5 51.Bc3 Ba4 52.Ne4 Bc2 53.Nc5 h5 54.Nd7 Bb3 
55.Kf2 h4 56.Bd4 Kf7 57.Bc3 Ke7 58.Ne5 Ke6 1-0

[Event "8th Boris Kostic mem"]
[Site "Vrsac"]
[Date "1979.09.09"]
[Round "3"]
[White "Kapelan, Milorad"]
[Black "Lein, Anatoly"]
[Result "1/2-1/2"]
[WhiteElo "2335"]
[BlackElo "2535"]
[EventDate "1979.09.07"]
[PlyCount "23"]
[Source "Perpetual Check"]

1.Nf3 Nf6 2.c4 g6 3.g3 Bg7 4.Bg2 O-O 5.O-O c6 6.d4 d5 7.cxd5 cxd5 8.Nc3 b6
9.Bf4 Bb7 10.Rc1 Nc6 11.Ne5 Rc8 12.Qa4 1/2-1/2

[Event "8th Boris Kostic mem"]
[Site "Vrsac"]
[Date "1979.09.09"]
[Round "3"]
[White "Matulovic, Milan"]
[Black "Stean, Michael Francis"]
[Result "0-1"]
[WhiteElo "2510"]
[BlackElo "2540"]
[EventDate "1979.09.07"]
[PlyCount "78"]
[Source "Perpetual Check"]

1.e4 c5 2.Nf3 d6 3.d4 cxd4 4.Nxd4 Nf6 5.Nc3 a6 6.Bg5 e6 7.f4 Qb6 8.Qd2 
Qxb2 9.Rb1 Qa3 10.f5 Nc6 11.fxe6 fxe6 12.Nxc6 bxc6 13.e5 dxe5 14.Bxf6 gxf6
15.Ne4 Be7 16.Be2 h5 17.Rb3 Qa4 18.c4 f5 19.Nd6+ Bxd6 20.Qxd6 Qa5+ 21.Kf2 
Ra7 22.Rb8 Kf7 23.Rd1 Kf6 24.c5 Rd7 25.Qxd7 Qxc5+ 26.Kf1 Bxd7 27.Rxh8 Qe7 
28.Rh6+ Kg7 29.Rxh5 c5 30.Bxa6 Bc6 31.Rd3 e4 32.Rg3+ Kf6 33.Bc4 Ke5 34.Rg6
Kd4 35.Rxe6 Qc7 36.Be2 Qf4+ 37.Ke1 Qc1+ 38.Bd1 Qc3+ 39.Ke2 Qe3+ 0-1

[Event "8th Boris Kostic mem"]
[Site "Vrsac"]
[Date "1979.09.09"]
[Round "3"]
[White "Szabo, Laszlo"]
[Black "Marjanovic, Slavoljub"]
[Result "0-1"]
[WhiteElo "2515"]
[BlackElo "2505"]
[EventDate "1979.09.07"]
[PlyCount "114"]
[Source "Perpetual Check"]

1.e4 c5 2.c3 Nf6 3.e5 Nd5 4.d4 cxd4 5.Nf3 Nc6 6.cxd4 d6 7.Bc4 Nb6 8.Bb5 
dxe5 9.Nxe5 Bd7 10.Nc3 e6 11.O-O Rc8 12.Bxc6 Bxc6 13.Qg4 h5 14.Qe2 Bb4 15.
Nxc6 Rxc6 16.Ne4 Qxd4 17.Bg5 Qc4 18.Qf3 f5 19.Rad1 O-O 20.Nf6+ gxf6 21.
Qxh5 Rc7 22.Bxf6 Rxf6 23.Qg5+ Rg7 24.Qxf6 Be7 25.Qd4 Qc6 26.g3 Nd5 27.Rc1 
Qd7 28.Qxa7 Kf7 29.Rfd1 f4 30.Rc4 Qb5 31.Qa4 Qxb2 32.Rxd5 exd5 33.Rxf4+ 
Ke6 34.Kg2 Qe5 35.Kf1 Rf7 36.Rxf7 Kxf7 37.Qb3 Ke6 38.Qxb7 Qa1+ 39.Kg2 Qxa2
40.Qc8+ Kd6 41.Qb8+ Ke6 42.Qc8+ Kf6 43.g4 Qc4 44.Qf5+ Kg7 45.f4 Qe2+ 46.
Kg3 Qe3+ 47.Kg2 d4 48.Qe5+ Qxe5 49.fxe5 Bd8 50.Kf3 Bc7 51.Ke4 Bxe5 52.h4 
Kf6 53.Kd3 Ke6 54.Ke4 Bf6 55.h5 Bg7 56.g5 Be5 57.h6 Kf7 0-1

[Event "8th Boris Kostic mem"]
[Site "Vrsac"]
[Date "1979.09.09"]
[Round "3"]
[White "Kurajica, Bojan"]
[Black "Sahovic, Dragutin"]
[Result "1/2-1/2"]
[WhiteElo "2515"]
[BlackElo "2520"]
[EventDate "1979.09.07"]
[PlyCount "25"]
[Source "Perpetual Check"]

1.e4 c6 2.d4 d5 3.Nd2 dxe4 4.Nxe4 Nf6 5.Nxf6+ exf6 6.Bc4 Nd7 7.Ne2 Bd6 8.
Bf4 Nb6 9.Bb3 O-O 10.O-O Bg4 11.f3 Be6 12.Bxe6 fxe6 13.Qd3 1/2-1/2

[Event "8th Boris Kostic mem"]
[Site "Vrsac"]
[Date "1979.09.10"]
[Round "4"]
[White "Matanovic, Aleksandar"]
[Black "Vukic, Milan"]
[Result "1/2-1/2"]
[WhiteElo "2495"]
[BlackElo "2485"]
[EventDate "1979.09.07"]
[PlyCount "38"]
[Source "Perpetual Check"]

1.e4 c5 2.Nf3 e6 3.d4 cxd4 4.Nxd4 Nf6 5.Nc3 Nc6 6.Ndb5 d6 7.Bf4 e5 8.Bg5 
a6 9.Na3 b5 10.Bxf6 gxf6 11.Nd5 f5 12.Bd3 Be6 13.Qh5 Bg7 14.O-O f4 15.c4 
bxc4 16.Bxc4 O-O 17.Rac1 Rb8 18.b3 Qd7 19.Bd3 Kh8 1/2-1/2

[Event "8th Boris Kostic mem"]
[Site "Vrsac"]
[Date "1979.09.10"]
[Round "4"]
[White "Sahovic, Dragutin"]
[Black "Bronstein, David"]
[Result "1/2-1/2"]
[WhiteElo "2520"]
[BlackElo "2555"]
[EventDate "1979.09.07"]
[PlyCount "86"]
[Source "Perpetual Check"]

1.d4 e6 2.c4 f5 3.Nf3 Nf6 4.g3 Be7 5.Bg2 O-O 6.O-O Ne4 7.b3 Bf6 8.Bb2 Nc6 
9.Ne5 d5 10.cxd5 exd5 11.f3 Nd6 12.f4 Ne7 13.Nc3 c6 14.e3 Be6 15.Na4 Qe8 
16.Nc5 Bc8 17.Rf2 Kh8 18.Ba3 Nb5 19.Bb4 a5 20.a4 Nd6 21.Ba3 Qd8 22.Ncd7 
Bxd7 23.Bxd6 Be6 24.Ba3 Re8 25.b4 axb4 26.Bxb4 Nc8 27.Rb2 Be7 28.Bc5 Bxc5 
29.dxc5 Re7 30.Qd2 Qa5 31.Qxa5 Rxa5 32.Rab1 Ra7 33.Bf1 g6 34.a5 Rxa5 35.
Rxb7 Rxc5 36.Rxe7 Nxe7 37.Rb7 Ng8 38.Rc7 Nf6 39.Rxc6 Rxc6 40.Nxc6 Ng4 41.
Nd4 Bd7 42.Bg2 Nxe3 43.Bf3 Kg7 1/2-1/2

[Event "8th Boris Kostic mem"]
[Site "Vrsac"]
[Date "1979.09.10"]
[Round "4"]
[White "Rajkovic, Dusan"]
[Black "Szabo, Laszlo"]
[Result "1-0"]
[WhiteElo "2460"]
[BlackElo "2515"]
[EventDate "1979.09.07"]
[PlyCount "85"]
[Source "Perpetual Check"]

1.c4 Nf6 2.Nc3 c5 3.g3 e6 4.Bg2 d5 5.Qb3 dxc4 6.Qxc4 Be7 7.Nf3 Nc6 8.O-O 
O-O 9.Rd1 e5 10.Ng5 Na5 11.Qa4 Bd7 12.Qc2 h6 13.Nf3 Nc6 14.d3 Rc8 15.e3 
Bf5 16.Qe2 Qd7 17.Ne1 Rfd8 18.b3 Bg4 19.Bf3 Bxf3 20.Nxf3 Nd5 21.Bb2 Nxc3 
22.Bxc3 Qf5 23.Rac1 Bf6 24.Kg2 Rd6 25.a3 Rcd8 26.b4 cxb4 27.e4 Qd7 28.axb4
a6 29.Ne1 Nd4 30.Qb2 Bg5 31.Ra1 Be7 32.Rab1 Rb6 33.Qa1 f6 34.Bxd4 Qxd4 35.
Qa2+ Kh7 36.Nc2 Qc3 37.Ne3 Bxb4 38.Nd5 Qd4 39.Nxb6 Qxb6 40.Qf7 Rc8 41.Rdc1
Rxc1 42.Rxc1 Bc5 43.h4 1-0

[Event "8th Boris Kostic mem"]
[Site "Vrsac"]
[Date "1979.09.10"]
[Round "4"]
[White "Marjanovic, Slavoljub"]
[Black "Matulovic, Milan"]
[Result "1/2-1/2"]
[WhiteElo "2505"]
[BlackElo "2510"]
[EventDate "1979.09.07"]
[PlyCount "114"]
[Source "Perpetual Check"]

1.e4 c5 2.Nf3 Nc6 3.d4 cxd4 4.Nxd4 Qc7 5.Nc3 e6 6.Be2 a6 7.O-O Nf6 8.Kh1 
Nxd4 9.Qxd4 Bc5 10.Qd3 b5 11.f4 h5 12.e5 Ng4 13.Bf3 Rb8 14.Ne4 Bb7 15.Nxc5
Qxc5 16.Bxb7 Rxb7 17.Qf3 Rb8 18.c3 Qc6 19.b3 Qxf3 20.Rxf3 f6 21.Ba3 fxe5 
22.Bd6 e4 23.Bxb8 exf3 24.gxf3 Kf7 25.fxg4 Rxb8 26.gxh5 Rh8 27.Rd1 d5 28.
c4 dxc4 29.bxc4 Rxh5 30.Rd4 b4 31.Rd7+ Kf6 32.Rb7 a5 33.Kg2 Rc5 34.Ra7 
Rxc4 35.Rxa5 Rxf4 36.a3 bxa3 37.Rxa3 e5 38.Kg3 Kf5 39.Ra7 g6 40.h3 Rd4 41.
Rf7+ Ke4 42.Rf6 Rd1 43.Kh4 Ke3 44.Rxg6 e4 45.Re6 Kf4 46.Rf6+ Ke5 47.Rf8 e3
48.Re8+ Kf4 49.Rf8+ Ke4 50.Re8+ Kd3 51.Kg5 Rg1+ 52.Kf4 e2 53.h4 e1=Q 54.
Rxe1 Rxe1 55.h5 Kd4 56.h6 Kd5 57.Kf5 Rh1 1/2-1/2

[Event "8th Boris Kostic mem"]
[Site "Vrsac"]
[Date "1979.09.11"]
[Round "5"]
[White "Kapelan, Milorad"]
[Black "Sahovic, Dragutin"]
[Result "1/2-1/2"]
[WhiteElo "2335"]
[BlackElo "2520"]
[EventDate "1979.09.07"]
[PlyCount "55"]
[Source "Perpetual Check"]

1.Nf3 g6 2.c4 Bg7 3.d4 d6 4.g3 Nf6 5.Bg2 O-O 6.O-O c6 7.Nc3 Bf5 8.Nh4 Be6 
9.d5 cxd5 10.cxd5 Bd7 11.Nf3 Qb6 12.Nd2 Rc8 13.Nb3 Na6 14.Be3 Qd8 15.h3 
Rc4 16.Qd2 Be8 17.Rfc1 Nd7 18.Nd4 Rcc8 19.Rab1 Nac5 20.Kh2 Nf6 21.b4 Ncd7 
22.f4 Nb6 23.Bf2 a6 24.Qd3 Na4 25.Nxa4 Bxa4 26.Qa3 Bd7 27.Rxc8 Rxc8 28.Rc1
1/2-1/2

[Event "8th Boris Kostic mem"]
[Site "Vrsac"]
[Date "1979.09.11"]
[Round "5"]
[White "Stean, Michael Francis"]
[Black "Marjanovic, Slavoljub"]
[Result "1/2-1/2"]
[WhiteElo "2540"]
[BlackElo "2505"]
[EventDate "1979.09.07"]
[PlyCount "119"]
[Source "Perpetual Check"]

1.Nf3 d5 2.c4 e6 3.d4 c5 4.cxd5 exd5 5.g3 Nc6 6.Bg2 Nf6 7.O-O Be7 8.Nc3 
O-O 9.Bg5 c4 10.Ne5 Be6 11.b3 Qa5 12.Nxc6 bxc6 13.Na4 Rfd8 14.e3 c5 15.
dxc5 Rac8 16.Qc2 Bxc5 17.Nxc5 Qxc5 18.Bxf6 gxf6 19.Rfd1 d4 20.exd4 Rxd4 
21.Rxd4 Qxd4 22.Rd1 Qe5 23.bxc4 Rxc4 24.Qd3 Rc5 25.Qd2 Kg7 26.a3 Rc3 27.a4
Rc4 28.Re1 Qc5 29.h4 a5 30.Bf1 Rc2 31.Qf4 Qb4 32.Qxb4 axb4 33.a5 b3 34.a6 
Ra2 35.Bd3 f5 36.Kg2 Kf6 37.Kf3 b2 38.Ke3 f4+ 39.Kxf4 Ra3 40.Bxh7 Rxa6 41.
Ke3 Ra1 42.Rb1 Rxb1 43.Bxb1 Bf5 44.Ba2 Ke5 45.h5 b1=Q 46.f4+ Kf6 47.Bxb1 
Bxb1 48.g4 Bc2 49.Kf3 Kg7 50.Kg3 Kh7 51.Kh4 Kh6 52.Kg3 Ba4 53.Kh4 Bd7 54.
Kg3 Be6 55.Kh4 Bd7 56.Kg3 Kg7 57.Kh4 Kf6 58.Kg3 Kg7 59.Kh4 f6 60.Kg3 
1/2-1/2

[Event "8th Boris Kostic mem"]
[Site "Vrsac"]
[Date "1979.09.11"]
[Round "5"]
[White "Matulovic, Milan"]
[Black "Rajkovic, Dusan"]
[Result "0-1"]
[WhiteElo "2510"]
[BlackElo "2460"]
[EventDate "1979.09.07"]
[PlyCount "149"]
[Source "Perpetual Check"]

1.e4 c5 2.Nf3 e6 3.d4 cxd4 4.Nxd4 Nc6 5.Nb5 d6 6.c4 Nf6 7.N1c3 a6 8.Na3 b6
9.Be2 Bb7 10.O-O Be7 11.Be3 Ne5 12.f3 O-O 13.Qe1 Qc7 14.Qf2 Ned7 15.Rac1 
Rfe8 16.Rfd1 Rac8 17.Bf1 h6 18.Kh1 Bf8 19.b4 Qb8 20.Na4 d5 21.exd5 Bxb4 
22.Nc2 Bd6 23.Nxb6 Nxb6 24.Bxb6 Bxh2 25.Ba7 Bg3 26.Bxb8 Bxf2 27.Be5 exd5 
28.Bd4 Bh4 29.c5 Nh5 30.Rb1 Ng3+ 31.Kh2 Nxf1+ 32.Rxf1 Bc6 33.Ne3 Bb5 34.
Rfd1 Bf2 35.Nxd5 Bxd4 36.Rxd4 Rxc5 37.a4 Rc4 38.Rxc4 Bxc4 39.Nb6 Be6 40.a5
Rd8 41.Rc1 Rd2 42.Rc7 Ra2 43.Rc5 Bb3 44.Nd7 g6 45.Kg1 Ba4 46.Ne5 Kg7 47.
Rc7 Bb3 48.Rc5 Rc2 49.Rxc2 Bxc2 50.Kf2 Ba4 51.f4 Bb5 52.g3 h5 53.Ke3 Kf6 
54.Nf3 Ke7 55.Kd4 Kd6 56.Ng5 f6 57.Ne4+ Ke6 58.Nc3 Bc6 59.Na2 Kf5 60.Ke3 
Kg4 61.Kf2 h4 62.gxh4 Kxf4 63.Nb4 Bb7 64.Nd3+ Kg4 65.Nc5 Bc8 66.Ne4 f5 67.
h5 Kxh5 68.Nf6+ Kg5 69.Nd5 Bb7 70.Nb4 Kf6 71.Nd3 g5 72.Nc5 Bc8 73.Ke3 Ke5 
74.Nd3+ Kd5 75.Nb4+ 0-1

[Event "8th Boris Kostic mem"]
[Site "Vrsac"]
[Date "1979.09.13"]
[Round "6"]
[White "Vukic, Milan"]
[Black "Kurajica, Bojan"]
[Result "1/2-1/2"]
[WhiteElo "2485"]
[BlackElo "2515"]
[EventDate "1979.09.07"]
[PlyCount "84"]
[Source "Perpetual Check"]

1.d4 Nf6 2.c4 e6 3.Nf3 b6 4.g3 Bb7 5.Bg2 Bb4+ 6.Nbd2 O-O 7.O-O a5 8.Qc2 d5
9.Ne5 Be7 10.b3 Na6 11.Bb2 c5 12.dxc5 Nxc5 13.Rfd1 Qc7 14.Rac1 Rac8 15.
cxd5 Bxd5 16.Bxd5 Nxd5 17.Ne4 Rfd8 18.Nxc5 Bxc5 19.Qe4 Qe7 20.Qg4 Nf6 21.
Qf3 Nd5 22.e4 Nf6 23.Rxd8+ Qxd8 24.Rd1 Qe7 25.Kg2 h6 26.Nd3 Ba3 27.Bd4 Nd7
28.Nf4 e5 29.Nd5 Qe6 30.Ba1 Nf6 31.Bc3 Be7 32.Rd3 Bc5 33.h3 Nxd5 34.Rxd5 
f6 35.Qd3 Rc7 36.f4 exf4 37.gxf4 Be7 38.Bd4 Qc6 39.Bf2 Qc2 40.a4 Rc3 41.
Qxc2 Rxc2 42.Kf1 Bc5 1/2-1/2

[Event "8th Boris Kostic mem"]
[Site "Vrsac"]
[Date "1979.09.13"]
[Round "6"]
[White "Matanovic, Aleksandar"]
[Black "Bronstein, David"]
[Result "1/2-1/2"]
[WhiteElo "2495"]
[BlackElo "2555"]
[EventDate "1979.09.07"]
[PlyCount "95"]
[Source "Perpetual Check"]

1.e4 c5 2.Nf3 d6 3.d4 cxd4 4.Nxd4 Nf6 5.Nc3 a6 6.Be2 e5 7.Nb3 Be7 8.O-O 
O-O 9.Bg5 Nbd7 10.a4 b6 11.Bc4 Bb7 12.Qd3 Qc7 13.Rad1 Rfc8 14.Bxf6 Nxf6 
15.Nd2 Qc5 16.Rfe1 Bf8 17.Bb3 Bc6 18.Nc4 b5 19.axb5 axb5 20.Ne3 g6 21.Ned5
Nxd5 22.Nxd5 Bxd5 23.Bxd5 Ra7 24.Bb3 b4 25.Qe2 Qb6 26.g3 Rc5 27.Ra1 Kg7 
28.Red1 Be7 29.Rxa7 Qxa7 30.Qf3 Bf8 31.Kg2 Ra5 32.Rd5 Rc5 33.h4 h5 34.Rd1 
d5 35.Rxd5 Rxd5 36.Bxd5 Bc5 37.c3 bxc3 38.bxc3 Qe7 39.Qe2 Qf6 40.Qa2 Bb6 
41.Qb2 Qd6 42.c4 Kf8 43.Qb5 Ke7 44.f4 exf4 45.gxf4 Qc5 46.Qxc5+ Bxc5 47.e5
Bd4 48.Kf3 1/2-1/2

[Event "8th Boris Kostic mem"]
[Site "Vrsac"]
[Date "1979.09.13"]
[Round "6"]
[White "Rajkovic, Dusan"]
[Black "Stean, Michael Francis"]
[Result "1/2-1/2"]
[WhiteElo "2460"]
[BlackElo "2540"]
[EventDate "1979.09.07"]
[PlyCount "64"]
[Source "Perpetual Check"]

1.c4 Nf6 2.Nc3 e5 3.Nf3 Nc6 4.d3 d6 5.g3 g6 6.Bg2 Bg7 7.O-O O-O 8.Rb1 a5 
9.a3 Nd4 10.Nd2 c6 11.b4 axb4 12.axb4 d5 13.b5 Re8 14.Bb2 Bf5 15.bxc6 bxc6
16.cxd5 cxd5 17.Nxd5 Nxe2+ 18.Qxe2 Nxd5 19.Ne4 Ra2 20.Ra1 Rxa1 21.Bxa1 Nb4
22.Qd2 Nc6 23.Rb1 Nd4 24.Bc3 h6 25.Qb2 Qc7 26.Bxd4 exd4 27.h3 Rc8 28.Qb7 
Qxb7 29.Rxb7 Rc1+ 30.Kh2 Rd1 31.Rb8+ Kh7 32.Rb7 Kg8 1/2-1/2

[Event "8th Boris Kostic mem"]
[Site "Vrsac"]
[Date "1979.09.14"]
[Round "7"]
[White "Marjanovic, Slavoljub"]
[Black "Rajkovic, Dusan"]
[Result "1/2-1/2"]
[WhiteElo "2505"]
[BlackElo "2460"]
[EventDate "1979.09.07"]
[PlyCount "140"]
[Source "Perpetual Check"]

1.e4 c5 2.Nf3 e6 3.d4 cxd4 4.Nxd4 a6 5.Nc3 Nc6 6.Be2 Nge7 7.Bf4 Ng6 8.Nxc6
bxc6 9.Bd6 Bxd6 10.Qxd6 Qe7 11.O-O-O Qxd6 12.Rxd6 Ke7 13.Rhd1 f6 14.g3 Ne5
15.Na4 a5 16.f4 Nf7 17.R6d3 Rb8 18.Ra3 d6 19.Nc3 Ra8 20.Rd4 Nd8 21.Rda4 
Nb7 22.b4 Kd8 23.bxa5 Nc5 24.Rb4 Kc7 25.e5 d5 26.Nb5+ cxb5 27.Rc3 Rxa5 28.
Rxc5+ Kb6 29.Rcxb5+ Rxb5 30.Rxb5+ Kc7 31.Ra5 Bb7 32.Kd2 Rf8 33.Ke3 fxe5 
34.fxe5 Rf5 35.Kd4 Rf2 36.Bd3 Rxh2 37.Kc5 Rh5 38.Ra7 Rxe5 39.Ba6 d4+ 40.
Kxd4 Rd5+ 41.Ke4 Kb6 42.Rxb7+ Kxa6 43.Rxg7 h5 44.Rg6 Kb7 45.Rxe6 Rg5 46.
Kf3 Rc5 47.Re2 Kc6 48.Kg2 Kd6 49.Kh3 Rc4 50.a3 Rc3 51.Kh4 Rxa3 52.c4 Rc3 
53.Re1 Kd7 54.Re4 Kd6 55.Re1 Kd7 56.Re5 Kd6 57.Rxh5 Rxc4+ 58.g4 Ke6 59.Rf5
Rc8 60.Rf4 Ke5 61.Rf3 Rh8+ 62.Kg3 Rg8 63.Rf5+ Ke6 64.Kf4 Rg7 65.Rf8 Ke7 
66.Rf5 Ke6 67.Rf8 Ke7 68.Ra8 Rg6 69.Kf5 Rf6+ 70.Kg5 Rb6 1/2-1/2

[Event "8th Boris Kostic mem"]
[Site "Vrsac"]
[Date "1979.09.14"]
[Round "7"]
[White "Stean, Michael Francis"]
[Black "Lein, Anatoly"]
[Result "1-0"]
[WhiteElo "2540"]
[BlackElo "2535"]
[EventDate "1979.09.07"]
[PlyCount "81"]
[Source "Perpetual Check"]

1.c4 e5 2.Nc3 Nf6 3.Nf3 Nc6 4.g3 Bb4 5.Nd5 Bc5 6.d3 h6 7.Bg2 d6 8.O-O O-O 
9.Nc3 Re8 10.a3 a5 11.b3 Bg4 12.h3 Bf5 13.e3 e4 14.Ne1 Qd7 15.Kh2 Rad8 16.
Bb2 Bg6 17.Ne2 d5 18.Bxf6 gxf6 19.cxd5 Qxd5 20.Nf4 Qd6 21.b4 axb4 22.axb4 
Nxb4 23.Qb3 f5 24.d4 Bxd4 25.Rd1 c5 26.exd4 Kg7 27.d5 b5 28.Nc2 Nxc2 29.
Qxc2 Rb8 30.Ra1 c4 31.Rfb1 Rec8 32.Bf1 Qe5 33.Ra6 Rc7 34.Rd1 b4 35.Rxg6+ 
fxg6 36.Ne6+ Kh7 37.Nxc7 Qxc7 38.Qxc4 Qxc4 39.Bxc4 b3 40.d6 b2 41.d7 1-0